[Event "chess.com SpeedChess Q1Sw"]
[Site "chess.com INT"]
[Date "2023.08.21"]
[Round "3"]
[White "Nakamura,Hi"]
[Black "Chigaev,M"]
[Result "1-0"]
[WhiteElo "2787"]
[BlackElo "2616"]

1.Nf3 d5 2.b3 c5 3.e3 f6 4.d4 Nc6 5.Bb2 cxd4 6.Nxd4 e5 7.Nxc6 bxc6 8.c4 Be6
9.Qc2 Bb4+ 10.Bc3 a5 11.a3 Bxc3+ 12.Nxc3 Ne7 13.Rd1 Qb6 14.Na4 Qa7 15.Bd3 Kf7
16.O-O Rac8 17.Qe2 g6 18.e4 Kg7 19.Kh1 h5 20.f4 Bg4 21.Qb2 d4 22.Rd2 c5 23.Rdf2 Rhf8
24.Qd2 exf4 25.Qxf4 Nc6 26.Qd6 Qe7 27.Qxe7+ Nxe7 28.e5 fxe5 29.Rxf8 Rxf8
30.Rxf8 Kxf8 31.Nxc5 Bf5 32.Bxf5 Nxf5 33.Nd7+ Ke7 34.Nxe5 Kf6 35.Nf3 d3 36.Kg1 Nd4
37.Kf2 Nxb3 38.Ke3 Nc5 39.Ne1 d2 40.Kxd2 Kf5 41.Nd3 Ne4+ 42.Ke3 Nc3 43.Kd4 Nb1
44.a4 Nd2 45.Kd5 Nb1 46.Kd4 Nd2 47.c5 Ke6 48.Nf4+ Kf5 49.Nxg6 Kxg6 50.c6 Nb3+
51.Kd5  1-0

[Event "chess.com SpeedChess Q1Sw"]
[Site "chess.com INT"]
[Date "2023.08.21"]
[Round "4"]
[White "Makarian,Rudik"]
[Black "Nakamura,Hi"]
[Result "0-1"]
[WhiteElo "2546"]
[BlackElo "2787"]

1.d4 g6 2.c4 Bg7 3.Nf3 c5 4.d5 d6 5.h3 e6 6.e4 a6 7.Bd3 exd5 8.exd5 Ne7 9.Nc3 O-O
10.O-O Nd7 11.Bf4 Ne5 12.Nxe5 dxe5 13.Be3 b6 14.b4 cxb4 15.Na4 Rb8 16.Rb1 a5
17.a3 b5 18.cxb5 Nxd5 19.Bc5 Nf4 20.Be4 Qg5 21.Kh2 Rd8 22.Qc2 Bf5 23.g3 Bxh3
24.gxf4 Qh5 25.Rfe1 exf4 26.Kg1 f3 27.Bxf3 Qxf3 28.Qe4 Qxe4 29.Rxe4 Bf5  0-1

[Event "chess.com SpeedChess Q1Sw"]
[Site "chess.com INT"]
[Date "2023.08.21"]
[Round "5"]
[White "Nakamura,Hi"]
[Black "Paravyan,D"]
[Result "1-0"]
[WhiteElo "2787"]
[BlackElo "2597"]

1.Nf3 Nf6 2.b3 c5 3.g3 Nc6 4.d4 cxd4 5.Nxd4 e5 6.Nxc6 bxc6 7.Bg2 d5 8.O-O Bc5
9.Bb2 Qe7 10.c4 O-O 11.cxd5 cxd5 12.Nc3 Rd8 13.e3 Bg4 14.Qd2 Rac8 15.Rac1 d4
16.exd4 Bxd4 17.Nb5 Rxc1 18.Rxc1 Bxb2 19.Qxb2 a6 20.Nc3 h5 21.h3 Bf5 22.Re1 e4
23.Qe2 Qe6 24.Nxe4 Bxe4 25.Bxe4 Re8 26.Bf3 Qxh3 27.Qd2 Rxe1+ 28.Qxe1 h4 29.Bg2 Qg4
30.gxh4 Qxh4 31.Qd2 g5 32.Qd6 Ng4 33.Qd8+ Kg7 34.Qd4+ f6 35.b4 Ne5 36.Qxh4 gxh4
37.Bb7 Kf7 38.Bxa6 Ke6 39.Kg2 Kd5 40.a4 Ng4 41.a5 h3+ 42.Kg3 h2 43.Bb7+  1-0

[Event "chess.com SpeedChess Q1Sw"]
[Site "chess.com INT"]
[Date "2023.08.21"]
[Round "7"]
[White "Nakamura,Hi"]
[Black "Indjic,A"]
[Result "0-1"]
[WhiteElo "2787"]
[BlackElo "2601"]

1.Nf3 d5 2.b3 Nf6 3.e3 h6 4.Ba3 Bf5 5.c4 c6 6.Nc3 Nbd7 7.Rc1 a6 8.Be2 Qa5
9.Bb2 e6 10.a3 Be7 11.cxd5 exd5 12.b4 Qd8 13.Na4 O-O 14.O-O Bh7 15.d3 Bd6
16.Nc5 Rb8 17.Nd4 Nxc5 18.bxc5 Bc7 19.Nb3 Re8 20.Bd4 Nd7 21.Qd2 Nf8 22.f4 Qe7
23.Bg4 Ne6 24.Ba1 Nf8 25.Rf3 Kh8 26.Rg3 f6 27.Nd4 Qf7 28.Qd1 Bg6 29.Nf5 Bxf5
30.Bxf5 g6 31.Bg4 Kh7 32.h4 f5 33.Be2 Ne6 34.Qd2 h5 35.Rh3 d4 36.Bxd4 Nxd4
37.exd4 Rbd8 38.Rc4 Qf6 39.Qb2 Bxf4 40.Kf2 Re7 41.Rb4 Rdd7 42.d5 Qxb2 43.Rxb2 Rxd5
44.Rc2 Be5 45.Rh1 Rxc5 46.Ke1 Rxc2  0-1

[Event "chess.com SpeedChess Q1Sw"]
[Site "chess.com INT"]
[Date "2023.08.21"]
[Round "8"]
[White "Sargsyan,Shant"]
[Black "Nakamura,Hi"]
[Result "0-1"]
[WhiteElo "2639"]
[BlackElo "2787"]

1.c4 g6 2.h4 e5 3.h5 g5 4.Nc3 Nc6 5.e3 Bg7 6.a3 h6 7.b4 f5 8.b5 Nce7 9.d4 d6
10.Bb2 exd4 11.exd4 d5 12.cxd5 Nxd5 13.Bc4 Nb6 14.Ba2 Qe7+ 15.Nge2 Be6 16.d5 O-O-O
17.O-O Nf6 18.Nd4 Nfxd5 19.Nxd5 Nxd5 20.Nxe6 Nf4 21.Nxd8 Rxd8 22.Qc2 Bxb2
23.Qxb2 Ne2+ 24.Kh2 Rd4 25.g3 Qe5 26.Qb3 Rh4+ 27.Kg2 Nf4+ 28.gxf4 Rg4+ 29.Qg3 gxf4
30.Qxg4 fxg4 31.Rfe1 Qxh5 32.Rad1 a5 33.b6 cxb6 34.Kg1 g3 35.fxg3 fxg3 36.Rd2 Kb8
37.Bd5 Qg5 38.Ree2 h5 39.Bg2 Qc5+  0-1

[Event "chess.com SpeedChess Q1Sw"]
[Site "chess.com INT"]
[Date "2023.08.21"]
[Round "9"]
[White "Nakamura,Hi"]
[Black "Donchenko,Alexa"]
[Result "1-0"]
[WhiteElo "2787"]
[BlackElo "2684"]

1.Nf3 d5 2.b3 Nf6 3.e3 e6 4.Bb2 Bd6 5.c4 O-O 6.d4 b6 7.cxd5 exd5 8.Bd3 Re8
9.O-O Ba6 10.a3 c6 11.Bxa6 Nxa6 12.Qd3 Nc7 13.Rc1 c5 14.dxc5 bxc5 15.Nbd2 Rb8
16.Rab1 h6 17.Rd1 Qe7 18.Nh4 Qe6 19.Nf5 Bf8 20.Qc2 Rec8 21.Ng3 Nb5 22.a4 Nd6
23.Bxf6 Qxf6 24.Nf3 c4 25.b4 Ne4 26.b5 Qc3 27.Qa2 Nf6 28.Nd4 Bc5 29.Nc6 Rb7
30.Ra1 a6 31.Nf5 axb5 32.axb5 Re8 33.Ncd4 Ne4 34.Rab1 Ra7 35.Qe2 Bb6 36.Qg4 Bxd4
37.Rxd4 Ng5 38.h4 Ne6 39.Rxd5 Ra1 40.Rdd1 Rxb1 41.Rxb1 Qc2 42.Rf1 c3 43.b6 Qb3
44.Nxh6+ Kf8 45.Nf5 Qxb6 46.Qc4 Qc5 47.Qxc5+ Nxc5 48.Rc1 Na4 49.Nd4 Rc8 50.Kf1 Nb2
51.Ke2 f6 52.Nb5 Na4 53.Kd3 Nc5+ 54.Kc2 Ne4 55.f3 Ng3 56.Nd4 f5 57.Kd3 f4
58.Ne6+ Ke7 59.Nxf4  1-0

[Event "chess.com SpeedChess Q1Sw"]
[Site "chess.com INT"]
[Date "2023.08.21"]
[Round "10"]
[White "Mamedov,Rau"]
[Black "Nakamura,Hi"]
[Result "1-0"]
[WhiteElo "2633"]
[BlackElo "2787"]

1.e4 a6 2.d4 c6 3.Nf3 d5 4.Nc3 Bg4 5.h3 Bh5 6.exd5 cxd5 7.g4 Bg6 8.Ne5 e6
9.h4 f6 10.Nxg6 hxg6 11.Bd3 Kf7 12.h5 gxh5 13.gxh5 Bb4 14.Bg6+ Kf8 15.Bd2 Ne7
16.Bd3 Nbc6 17.Ne2 Bxd2+ 18.Qxd2 Qd6 19.O-O-O e5 20.dxe5 fxe5 21.f4 Rd8 22.fxe5 Nxe5
23.Kb1 Rh6 24.Qg5 Kg8 25.Nd4 Qf6 26.Qe3 Ng4 27.Qe2 Ne5 28.Rdf1 Qd6 29.Rhg1 Nxd3
30.cxd3 Kh8 31.Rf7 Nc6 32.Nf5 Qe6 33.Qxe6 Rxe6 34.Rgxg7 Re1+ 35.Kc2 Rde8
36.Rh7+  1-0

[Event "chess.com SpeedChess Q1Sw"]
[Site "chess.com INT"]
[Date "2023.08.21"]
[Round "11"]
[White "Nakamura,Hi"]
[Black "Henriquez Villagra,C"]
[Result "1-0"]
[WhiteElo "2787"]
[BlackElo "2626"]

1.Nf3 d6 2.d4 Nf6 3.Nc3 Nbd7 4.e4 e5 5.Bc4 Be7 6.O-O O-O 7.Qe2 c6 8.a4 h6
9.a5 Re8 10.d5 Qc7 11.h3 cxd5 12.Bxd5 Nc5 13.Be3 Ne6 14.a6 Nxd5 15.Nxd5 Qc6
16.axb7 Bxb7 17.c4 a5 18.b3 Bf8 19.Ra3 Nc7 20.Rfa1 f5 21.Rxa5 fxe4 22.Nd2 Nxd5
23.cxd5 Qxd5 24.Rxd5 Rxa1+ 25.Kh2 Bxd5 26.Qg4 Be6 27.Qxe4 Ra6 28.Bxh6 d5
29.Qd3 Rb6 30.Be3 d4 31.Bg5 Reb8 32.Bh4 Bxb3 33.Bg3 Bd6 34.Ne4 Re8 35.Nxd6  1-0

[Event "chess.com SpeedChess Q1Sw"]
[Site "chess.com INT"]
[Date "2023.08.21"]
[Round "12"]
[White "Deac,Bogdan-Daniel"]
[Black "Nakamura,Hi"]
[Result "0-1"]
[WhiteElo "2698"]
[BlackElo "2787"]

1.e4 a6 2.d4 c6 3.Nc3 d5 4.Nf3 Bg4 5.h3 Bh5 6.exd5 cxd5 7.g4 Bg6 8.h4 f6
9.h5 Bf7 10.Bf4 Nc6 11.Qd2 e6 12.g5 Bd6 13.O-O-O Qc7 14.Bxd6 Qxd6 15.Re1 O-O-O
16.h6 g6 17.gxf6 Nxf6 18.Ng5 Rhf8 19.Bh3 Rde8 20.Na4 Kb8 21.f4 Bg8 22.Nc5 Re7
23.c3 Rfe8 24.Nd3 Nd7 25.Ne5 Nb6 26.Kb1 Rc7 27.Qh2 Ka8 28.Re2 Nxe5 29.fxe5 Qe7
30.Qg3 Rf8 31.Rf1 Ka7 32.Rxf8 Qxf8 33.Rf2 Qxh6 34.Nxe6 Bxe6 35.Bxe6 Qh1+
36.Kc2 Nc4 37.Qf3 Qa1 38.Bxd5 Qxb2+ 39.Kd3 Nxe5+ 40.Ke4 Nxf3 41.Rxb2 Nh4
42.c4 Re7+ 43.Kd3 Nf5 44.c5 Rd7 45.Ke4 h5 46.Ke5 h4 47.Be6 Rh7 48.Bxf5 Rh5
49.Kf6 Rxf5+ 50.Kxg6 Rd5 51.Rd2 Kb8 52.Kf6 Kc7 53.Ke7 Kc6 54.Ke6 h3 55.Rh2 Rxd4
56.Rxh3 Kxc5 57.Ke5 b5 58.Rh6 Ra4 59.Rh2 a5 60.Rc2+ Rc4 61.Rd2 a4 62.Rd5+ Kb4
63.a3+ Kxa3 64.Rxb5 Rb4 65.Ra5 Kb2 66.Kd5 a3 67.Kc5 Rb3 68.Kc4 a2  0-1

[Event "chess.com SpeedChess Q1Sw"]
[Site "chess.com INT"]
[Date "2023.08.21"]
[Round "13"]
[White "Nakamura,Hi"]
[Black "Sarana,A"]
[Result "1-0"]
[WhiteElo "2787"]
[BlackElo "2685"]

1.Nf3 d5 2.b3 c5 3.e3 Nc6 4.d4 cxd4 5.exd4 Bg4 6.c3 e6 7.Bd2 Bd6 8.Be2 Nf6
9.O-O Ne4 10.Ne1 Bf5 11.Be3 O-O 12.g3 Rc8 13.f3 Nf6 14.Bd3 Bh3 15.Rf2 Re8
16.f4 Ng4 17.Re2 Nf6 18.Rc2 Ne7 19.Nd2 Nf5 20.Bf2 Ng4 21.Qe2 Nxf2 22.Qxf2 Bg4
23.Kg2 Bh5 24.Ndf3 Bg6 25.Qd2 Rc7 26.Kg1 Qf6 27.Ne5 Rec8 28.N1f3 Ne7 29.Ng4  1-0

[Event "chess.com SpeedChess Q1Sw"]
[Site "chess.com INT"]
[Date "2023.08.21"]
[Round "14"]
[White "Vasquez Schroeder,R"]
[Black "Nakamura,Hi"]
[Result "0-1"]
[WhiteElo "2470"]
[BlackElo "2787"]

1.e4 a6 2.d4 c6 3.c4 d6 4.Be2 b5 5.Nf3 Nf6 6.Qc2 bxc4 7.Bxc4 d5 8.Bd3 dxe4
9.Bxe4 Nxe4 10.Qxe4 Qd5 11.Nc3 Qxe4+ 12.Nxe4 Bf5 13.Nc3 e6 14.Be3 Nd7 15.O-O Be7
16.Rac1 O-O 17.Na4 Bd3 18.Rfe1 f6 19.Bf4 Bb5 20.Rxe6 Rfe8 21.Rce1 Kf7 22.Nc3 Nf8
23.R6e3 Ng6 24.Bg3 Red8 25.h4 Bb4 26.a3 Bxc3 27.bxc3 h5 28.Nd2 Kg8 29.Ne4 f5
30.Ng5 f4 31.Re6 Nf8 32.Bxf4 Nxe6 33.Rxe6 Re8 34.Rg6 Re7 35.Be5 Rc8 36.f3 c5
37.f4 cxd4 38.Bxd4 Rc6 39.Rxc6 Bxc6 40.Kf2 Rb7 41.Ne6 Rb2+ 42.Ke3 Rxg2 43.Nc5 a5
44.Ne6 g6 45.Bb6 a4 46.Bd8 Kf7 47.Nd4 Rg3+ 48.Kd2 Bd5 49.f5 Rg2+ 50.Ke3 Ra2
51.fxg6+ Kxg6 52.Be7 Kf7 53.Bb4 Rh2 54.Nf5 Kf6 55.Ng3 Rxh4 56.Be7+ Kxe7 57.Nf5+ Kf6
58.Nxh4 Kg5 59.Nf3+ Bxf3 60.Kxf3 Kf5 61.Kg3 Ke4 62.Kh4 Kd3 63.Kxh5 Kxc3 64.Kg4 Kb3
65.Kf3 Kxa3 66.Ke2 Kb2  0-1

[Event "chess.com SpeedChess Q2Sw"]
[Site "chess.com INT"]
[Date "2023.08.23"]
[Round "1"]
[White "Nakamura,Hi"]
[Black "Gedajlovic,Max"]
[Result "1-0"]
[WhiteElo "2787"]
[BlackElo "2403"]

1.Nf3 d5 2.b3 c5 3.e3 Nc6 4.Bb2 Nf6 5.Bb5 Bd7 6.O-O e6 7.d3 Bd6 8.Nbd2 O-O
9.Bxc6 Bxc6 10.Ne5 Be8 11.f4 Nd7 12.Qg4 f5 13.Qg3 Nxe5 14.Bxe5 Bxe5 15.fxe5 Qa5
16.Nf3 Qc3 17.Rac1 a5 18.Ng5 Bd7 19.a4 h6 20.Nh3 Be8 21.Kh1 Kh7 22.Ng1 b5
23.axb5 a4 24.Ne2 Qb2 25.bxa4 Rxa4 26.Rb1 Qxc2 27.Nf4 Bf7 28.h4 Rb8 29.Rbc1 Qb2
30.d4 c4 31.Rb1 Qd2 32.Nxd5 c3 33.Nf4 c2 34.Rbc1 Rxb5 35.Qf2 Qxf2 36.Rxf2 Ra3
37.Rfxc2 Rxe3 38.Rc7 Kg8 39.h5 Re4 40.Ng6 Rb8 41.Rc8+  1-0

[Event "chess.com SpeedChess Q2Sw"]
[Site "chess.com INT"]
[Date "2023.08.23"]
[Round "2"]
[White "Pakleza,Z"]
[Black "Nakamura,Hi"]
[Result "0-1"]
[WhiteElo "2482"]
[BlackElo "2787"]

1.d4 Nf6 2.Nf3 b6 3.Bf4 Bb7 4.e3 Nh5 5.Bg5 h6 6.Bh4 g5 7.Bg3 Nxg3 8.hxg3 Bg7
9.c3 e6 10.Nbd2 d6 11.Bd3 g4 12.Nh4 h5 13.Be4 d5 14.Bd3 Nd7 15.f3 Qg5 16.Kf2 c5
17.f4 Qe7 18.b4 cxb4 19.cxb4 Qxb4 20.Qe2 Rc8 21.Rhb1 Qd6 22.a4 O-O 23.Rb3 Rc7
24.a5 Rfc8 25.axb6 axb6 26.Bb1 Rc3 27.Rb2 Bf6 28.Bd3 Qe7 29.Rh1 Rc1 30.Rb1 Rxh1
31.Rxh1 Rc3 32.Nb1 Rb3 33.Bc2 Rb4 34.Qd3 Nf8 35.Nc3 Rb2 36.Ke2 Qb4 37.Ra1 Bc6
38.Kd2 Qe7 39.Rh1 b5 40.f5 e5 41.dxe5 Qxe5 42.Ne2 b4 43.Kd1 Ra2 44.Nf4 b3
45.Bb1 Qb2 46.Nxh5 Nd7  0-1

[Event "chess.com SpeedChess Q2Sw"]
[Site "chess.com INT"]
[Date "2023.08.23"]
[Round "4"]
[White "Zhigalko,S"]
[Black "Nakamura,Hi"]
[Result "0-1"]
[WhiteElo "2572"]
[BlackElo "2787"]

1.e4 a6 2.d4 c6 3.Bd3 d5 4.Nc3 dxe4 5.Nxe4 Qxd4 6.Nf3 Qd8 7.Bf4 Nf6 8.Qe2 Nxe4
9.Qxe4 Qa5+ 10.c3 Nd7 11.O-O Nf6 12.Qe2 Bg4 13.h3 Bxf3 14.Qxf3 e6 15.Rfd1 Be7
16.Qg3 Nh5 17.Qg4 Nxf4 18.Qxf4 O-O 19.Bc4 Rfd8 20.Qf3 Qc5 21.Bb3 g6 22.Rxd8+ Rxd8
23.Rd1 Rxd1+ 24.Qxd1 Qe5 25.g3 a5 26.Kg2 b5 27.Qd7 Qe4+ 28.Kg1 Qe1+ 29.Kg2 Bc5
30.Qd8+ Kg7 31.Qd1 Qxf2+ 32.Kh1 Qxg3  0-1

[Event "chess.com SpeedChess Q2Sw"]
[Site "chess.com INT"]
[Date "2023.08.23"]
[Round "5"]
[White "Nakamura,Hi"]
[Black "Shevchenko,Kirill"]
[Result "0-1"]
[WhiteElo "2787"]
[BlackElo "2675"]

1.Nf3 Nf6 2.b3 g6 3.d4 Bg7 4.Bb2 O-O 5.e3 b6 6.c4 Bb7 7.Be2 d5 8.Qc2 Nbd7
9.c5 bxc5 10.dxc5 c6 11.Nbd2 Qc7 12.O-O e5 13.b4 a5 14.a3 Ba6 15.Bxa6 Rxa6
16.Bc3 Rfa8 17.bxa5 e4 18.Nd4 Ng4 19.g3 Nxc5 20.N4b3 Nd3 21.Bxg7 Kxg7 22.Nf3 c5
23.Ne1 c4 24.Nxd3 exd3 25.Qb2+ Qe5 26.Nd4 Rxa5 27.Rfb1 Qf6 28.Rf1 Ne5 29.Ra2 Rc8
30.Qc3 Nf3+ 31.Kg2 Nxd4 32.exd4 Rb5 33.Rd1 Rb3 34.Qa1 c3 35.Rxd3 c2 36.Rxc2 Rxc2  0-1

[Event "chess.com SpeedChess Q2Sw"]
[Site "chess.com INT"]
[Date "2023.08.23"]
[Round "6"]
[White "Sargsyan,Shant"]
[Black "Nakamura,Hi"]
[Result "0-1"]
[WhiteElo "2639"]
[BlackElo "2787"]

1.Nf3 d5 2.d4 g6 3.Bf4 Bg7 4.e3 c5 5.c3 Qb6 6.Qb3 c4 7.Qxb6 axb6 8.Nbd2 b5
9.a3 Nc6 10.Rc1 Nf6 11.h3 Nd7 12.Be2 Nb6 13.Bd1 f6 14.Bh2 e5 15.O-O Be6 16.e4 exd4
17.cxd4 Bh6 18.Rc2 O-O-O 19.Re1 Rhe8 20.exd5 Bxd5 21.Rxe8 Rxe8 22.Kf1 Na4
23.g4 Kd7 24.h4 Bxd2 25.Rxd2 c3 26.bxc3 Nxc3 27.Ng1 Nxd1 28.Rxd1 Ra8 29.Ne2 Bc4
30.d5 Ne5 31.Bxe5 fxe5 32.Ke1 Rxa3 33.Ng3 Ra2 34.d6 b4 35.Rc1 b5 36.h5 b3
37.Rb1 b4 38.h6 Kxd6 39.Ne4+ Kd5 40.Nf6+ Kd4 41.Rd1+ Bd3 42.Nxh7 Re2+ 43.Kf1 Rd2+
44.Kg2 Rxd1 45.Nf8 g5 46.Ne6+ Kc3  0-1

[Event "chess.com SpeedChess Q2Sw"]
[Site "chess.com INT"]
[Date "2023.08.23"]
[Round "7"]
[White "Nakamura,Hi"]
[Black "Svane,R"]
[Result "1-0"]
[WhiteElo "2787"]
[BlackElo "2631"]

1.Nf3 d5 2.e3 Nf6 3.b3 e6 4.c4 Bd6 5.Bb2 O-O 6.g3 c5 7.Bg2 Nc6 8.O-O b6 9.d4 Bb7
10.cxd5 Nxd5 11.e4 Nde7 12.e5 Bc7 13.dxc5 bxc5 14.Qe2 Qc8 15.Na3 Ba6 16.Nc4 Na5
17.Nfd2 Nxc4 18.Nxc4 Bb7 19.Nd6 Bxd6 20.exd6 Nf5 21.Bxb7 Qxb7 22.Rfd1 Rad8
23.Qe5 Qf3 24.Rd2 Rd7 25.Ba3 Rfd8 26.Bxc5 h5 27.Re1 h4 28.Qe4 Qxe4 29.Rxe4 hxg3
30.hxg3 Kf8 31.Ra4 Ke8 32.Ra6 f6 33.b4 g5 34.b5 e5 35.a4 Kf7 36.Rxa7 Rxa7
37.Bxa7 Ke6 38.a5 Nxd6 39.Bc5 Nb7 40.Rxd8 Nxd8 41.a6 Nf7 42.a7 Nh6 43.a8=Q Ng4
44.Qc8+  1-0

[Event "chess.com SpeedChess Q2Sw"]
[Site "chess.com INT"]
[Date "2023.08.23"]
[Round "8"]
[White "Nakamura,Hi"]
[Black "Carlsen,M"]
[Result "1/2-1/2"]
[WhiteElo "2787"]
[BlackElo "2835"]

1.a3 h6 2.e4 Nf6 3.e5 Nh7 4.d4 d6 5.Nf3 c6 6.Bd3 Bg4 7.O-O dxe5 8.dxe5 Nd7
9.Qe2 e6 10.Re1 Ng5 11.Nbd2 Qc7 12.h3 Bxf3 13.Nxf3 Nxf3+ 14.Qxf3 Nxe5 15.Qg3 Bd6
16.Qxg7 O-O-O 17.Qf6 Nxd3 18.cxd3 Qe7 19.Qf3 Bc7 20.g3 Rd5 21.Be3 Qd7 22.Rad1 h5
23.h4 Kb8 24.Bf4 Bxf4 25.Qxf4+ Qc7 26.Qf3 Rf5 27.Qe4 Rd8 28.Re3 a6 29.Rf3 Rdd5
30.Rxf5 Rxf5 31.Kg2 Qb6 32.Rd2 Qb3 33.Qc4 Qb6 34.Qe4 Ka7 35.f3 Rd5 36.Re2 Qd8
37.Qf4 Qd7 38.Re3 c5 39.Qc4 Qd6 40.Qe4 Qb6 41.Re2 Qd6 42.Re3 Rd4 43.Qe5 Qb6
44.Re2 Rd5 45.Qe4 Qd6 46.Re3  1/2-1/2

[Event "chess.com SpeedChess Q2Sw"]
[Site "chess.com INT"]
[Date "2023.08.23"]
[Round "9"]
[White "Shimanov,A"]
[Black "Nakamura,Hi"]
[Result "1-0"]
[WhiteElo "2566"]
[BlackElo "2787"]

1.e4 a6 2.d4 c6 3.Bd3 d5 4.e5 c5 5.c3 Nc6 6.Ne2 e6 7.Nd2 cxd4 8.cxd4 Nb4
9.Bb1 Ne7 10.h4 h5 11.Nf3 Bd7 12.a3 Nbc6 13.O-O Nf5 14.Bxf5 exf5 15.Bg5 Be7
16.Nf4 Be6 17.Bxe7 Qxe7 18.Ng5 Rh6 19.Rc1 O-O-O 20.b4 Kb8 21.Rc5 Na7 22.a4 Nc8
23.b5 axb5 24.Rxb5 Nb6  1-0

[Event "chess.com SpeedChess Q2Sw"]
[Site "chess.com INT"]
[Date "2023.08.23"]
[Round "10"]
[White "Nakamura,Hi"]
[Black "Demchenko,A"]
[Result "1-0"]
[WhiteElo "2787"]
[BlackElo "2619"]

1.c4 e5 2.Nc3 Nc6 3.Nf3 Nf6 4.g3 Bb4 5.Bg2 O-O 6.O-O d6 7.d3 h6 8.Ne1 Bxc3
9.bxc3 d5 10.cxd5 Nxd5 11.Bb2 Be6 12.Nc2 Qd7 13.Re1 Rad8 14.c4 Nde7 15.Qc1 Bh3
16.Bh1 f5 17.f4 exf4 18.gxf4 g5 19.Qe3 g4 20.d4 Ng6 21.d5 Nce7 22.Qd4 Rf7
23.e4 fxe4 24.Bxe4 g3 25.Ne3 gxh2+ 26.Kxh2 Bf5 27.Rg1 Kh7 28.Nxf5 Nxf5 29.Qd3 Rdf8
30.Rg4 Nge7 31.Rag1 Rg8 32.Qc3  1-0

[Event "chess.com SpeedChess Q2Sw"]
[Site "chess.com INT"]
[Date "2023.08.23"]
[Round "11"]
[White "Andreikin,D"]
[Black "Nakamura,Hi"]
[Result "1-0"]
[WhiteElo "2729"]
[BlackElo "2787"]

1.d4 Nf6 2.c4 e6 3.Nf3 b6 4.g3 Bb7 5.Bg2 Bb4+ 6.Bd2 Bxd2+ 7.Qxd2 O-O 8.O-O d6
9.Nc3 Ne4 10.Qc2 Nxc3 11.Qxc3 Nd7 12.Rfe1 f5 13.Ng5 Qxg5 14.Bxb7 Rad8 15.f4 Qf6
16.e4 c5 17.Rad1 cxd4 18.Qxd4 Nc5 19.Bc6 e5 20.Qd5+ Kh8 21.exf5 Qxf5 22.fxe5 dxe5
23.Qxd8 Qf2+ 24.Kh1 Qxe1+ 25.Rxe1 Rxd8 26.Rxe5 Nd3 27.Re2 Nb4 28.Bf3 Nxa2
29.Re7 g6 30.Rxa7 Nb4 31.Rb7 Rd6 32.b3 Rf6 33.Kg2 Nd3 34.Bd5 Nc5 35.Rb8+ Kg7
36.h4 h5 37.b4 Nd3 38.b5 Ne5 39.c5 Ng4 40.Kg1 Ne3 41.Rb7+ Kh8 42.Rb8+ Kg7
43.Rb7+ Kf8 44.Be4 Rf1+ 45.Kh2 Rf2+ 46.Kg1 Rf1+ 47.Kh2 bxc5 48.b6 Ng4+ 49.Kg2 Ne3+
50.Kh3 Ng4 51.Rb8+ Kg7 52.b7 Rf2 53.Rg8+ Kxg8 54.b8=Q+ Kg7 55.Qc7+ Kh6 56.Bg2 Rf5
57.Qd8 Kg7 58.Qe7+ Kh6 59.Qd8 Kg7 60.Qc7+ Kh6 61.Qb8 Kg7 62.Qa7+ Kh6 63.Qa1 Kh7
64.Ba8 Rf2 65.Bg2 Rf5 66.Qb2 Kg8 67.Qc3 Nf2+ 68.Kh2 Ng4+ 69.Kg1 Kh7 70.Bh3 Rd5
71.Bxg4 hxg4 72.Qc4 Rd4 73.Qxc5 Rd3 74.Qc7+ Kh6 75.Qf4+ Kg7 76.Qxg4 Rd5 77.Qe4 Ra5
78.Kg2 Kh6 79.Kh3 Rf5 80.Qe3+ Kh7 81.Qe7+ Kh6 82.Qd8 Kg7 83.Qd7+ Kh6 84.g4 Rf3+
85.Kg2 Rg3+ 86.Kxg3  1-0

[Event "chess.com SpeedChess Q2Sw"]
[Site "chess.com INT"]
[Date "2023.08.23"]
[Round "12"]
[White "Nakamura,Hi"]
[Black "Rasulov,Vu"]
[Result "1/2-1/2"]
[WhiteElo "2787"]
[BlackElo "2549"]

1.c4 e6 2.Nc3 d5 3.d4 c5 4.cxd5 exd5 5.Nf3 Nf6 6.Bg5 Nc6 7.e3 cxd4 8.Nxd4 Be7
9.Nf3 O-O 10.Be2 h6 11.Bh4 Be6 12.O-O Rc8 13.Nb5 a6 14.Nbd4 Qb6 15.Qb3 Qxb3
16.Nxb3 g5 17.Bg3 Ne4 18.Nfd4 Bf6 19.Rfc1 Rfd8 20.Nxc6 Rxc6 21.Rxc6 bxc6
22.Nd4 c5 23.Nxe6 fxe6 24.Rb1 c4 25.Bc7 Rd7 26.Ba5 Rb7 27.b3 Bc3 28.Bd8 Bf6
29.Bxf6 Nxf6 30.f3 a5 31.Kf2 Kf7 32.Ke1 Nd7 33.Kd2 Nc5 34.Bd1 Kf6 35.Bc2 cxb3
36.axb3 Ke5 37.Kc3 Rc7 38.Kb2 Kd6 39.Ra1 Ra7 40.h4 e5 41.hxg5 hxg5 42.Rh1 Rg7
43.Rh6+ Kc7 44.Bf5 d4 45.exd4 exd4 46.Ka3 Re7 47.Rg6 d3 48.Rxg5 Kd6 49.Rg8 Ke5
50.Bxd3 Nxd3 51.Ra8 Kd4 52.Rxa5 Re1 53.Ra4+ Kd5 54.Ra5+ Kd4 55.Ra4+ Kd5 56.Ra5+ Kc6
57.b4 Rb1 58.Rg5 Nxb4 59.Rf5 Nd3 60.Ka2 Rg1 61.Kb3 Rxg2 62.Kc4 Nb2+ 63.Kd4 Kd6
64.Rf6+ Ke7 65.Rb6 Nd1 66.Rb7+ Kf6 67.Rb1 Rd2+ 68.Kc4 Ke5 69.Rb8 Kf4 70.Re8 Kxf3
71.Rf8+ Ke2 72.Re8+ Ne3+ 73.Kc5 Rd5+ 74.Kc6 Rd3 75.Re6 Kd2 76.Rd6 Rxd6+ 77.Kxd6  1/2-1/2

[Event "chess.com SpeedChess Q2Sw"]
[Site "chess.com INT"]
[Date "2023.08.23"]
[Round "13"]
[White "Nakamura,Hi"]
[Black "Bharath,Subramaniyam H"]
[Result "1-0"]
[WhiteElo "2787"]
[BlackElo "2482"]

1.Nf3 d5 2.b3 Bg4 3.e3 Nd7 4.h3 Bh5 5.Bb2 Ngf6 6.d3 e6 7.g4 Bg6 8.Nh4 Bd6
9.Nxg6 hxg6 10.Nd2 c6 11.g5 Ng8 12.h4 Rh7 13.a3 Ne7 14.Nf3 Qa5+ 15.Ke2 O-O-O
16.Bh3 Qc7 17.c4 Nf5 18.cxd5 exd5 19.h5 Kb8 20.Bg4 Ne5 21.Bxe5 Bxe5 22.d4 Bd6
23.Qd3 Ne7 24.b4 Rdh8 25.b5 gxh5 26.Bh3 g6 27.bxc6 Nxc6 28.Rhc1 Ka8 29.Rab1 Qa5
30.Rc3 a6 31.Nd2 Rb8 32.Bg2 Ne7 33.e4 Bf4 34.Nb3 Qb5 35.Qxb5 axb5 36.exd5 Nf5
37.Nc5 Bxg5 38.a4 b4 39.Rxb4 Bf6 40.Kd3 h4 41.d6 Nxd6 42.Rb6 Rd8 43.Rcb3 Bxd4
44.Bxb7+ Nxb7 45.Ra6+ Kb8 46.Rxb7+  1-0

[Event "chess.com SpeedChess Q2Sw"]
[Site "chess.com INT"]
[Date "2023.08.23"]
[Round "14"]
[White "Le Tuan Minh"]
[Black "Nakamura,Hi"]
[Result "0-1"]
[WhiteElo "2559"]
[BlackElo "2787"]

1.d4 Nf6 2.Nf3 b6 3.c4 e6 4.a3 Bb7 5.Nc3 d5 6.Bg5 Be7 7.Bxf6 Bxf6 8.cxd5 exd5
9.Qa4+ Nd7 10.g3 O-O 11.Bg2 c5 12.Rd1 a6 13.O-O Qe7 14.dxc5 Bxc3 15.bxc3 Nxc5
16.Qb4 Qc7 17.Nd4 Rfe8 18.c4 dxc4 19.Qxc4 Bxg2 20.Kxg2 b5 21.Qc2 Rac8 22.Kg1 g6
23.e3 Ne4 24.Qxc7 Rxc7 25.Kg2 Rc4 26.Rd3 Rec8 27.Rfd1 Kg7 28.h4 R8c5 29.Kf3 Re5
30.g4 Nc5 31.R3d2 h5 32.g5 Re4 33.Rh1 Rg4 34.Rdd1 Kf8 35.Rdg1 Rxg1 36.Rxg1 Ne6
37.Nxe6+ fxe6 38.Rd1 Ke7 39.Kg3 Rg4+ 40.Kh3 Ra4 41.Rd3 a5 42.f4 Rc4 43.Kg3 b4
44.axb4 Rxb4 45.Kf3 a4 46.Rc3 Kd6 47.Rd3+ Kc5 48.Rd8 Kc4 49.e4 a3 50.Ra8 Kb3
51.f5 exf5 52.exf5 gxf5 53.Ra5 a2  0-1

[Event "chess.com SpeedChess 2023"]
[Site "chess.com INT"]
[Date "2023.09.04"]
[Round "1.25"]
[White "Nakamura,Hi"]
[Black "Yu Yangyi"]
[Result "1-0"]
[WhiteElo "2780"]
[BlackElo "2720"]

1.f4 Nf6 2.Nf3 d5 3.d3 Nc6 4.g3 h5 5.h3 e6 6.Nbd2 Bd6 7.e4 e5 8.f5 Qe7 9.c3 g6
10.fxg6 fxg6 11.Bg2 Be6 12.Qe2 O-O-O 13.a3 dxe4 14.dxe4 Kb8 15.b4 Qg7 16.O-O g5
17.Ne1 Rdf8 18.a4 Qd7 19.Kh2 Ne7 20.Nc4 Ng6 21.Bxg5 Be7 22.Bxf6 Bxf6 23.h4 Qe7
24.Na5 a6 25.b5 Bxh4 26.gxh4 Qxh4+ 27.Kg1 Rxf1+ 28.Qxf1 Nf4 29.bxa6 Rg8 30.Nf3 Qg3
31.Ra2 Bh3 32.Qb5 b6 33.Qc6 Bc8 34.a7+ Kxa7 35.Qxc7+ Ka6 36.Qc4+ Ka7 37.Nc6+ Kb7
38.Ne7  1-0

[Event "chess.com SpeedChess 2023"]
[Site "chess.com INT"]
[Date "2023.09.04"]
[Round "1.23"]
[White "Nakamura,Hi"]
[Black "Yu Yangyi"]
[Result "0-1"]
[WhiteElo "2780"]
[BlackElo "2720"]

1.g3 e5 2.Bg2 Nf6 3.d3 Nc6 4.Nd2 d5 5.e4 dxe4 6.dxe4 Bc5 7.Ngf3 O-O 8.h3 a5
9.O-O h6 10.Nb3 Bb6 11.Nbd2 Be6 12.c3 Qe7 13.Re1 Rfd8 14.Qe2 a4 15.Nc4 Ba7
16.Ncxe5 Nxe5 17.Nxe5 Bxh3 18.Nc6 bxc6 19.Bxh3 Re8 20.e5 Nd5 21.c4 Nb4 22.Bf5 Rad8
23.a3 Na6 24.Bc2 Bd4 25.Qg4 Kf8 26.Bxa4 Nc5 27.Bc2 Rb8 28.Rb1 Ne6 29.Kg2 Qc5
30.Re2 Qxc4 31.b3 Qd5+ 32.Be4 Qb5 33.a4 Qxe5 34.Bxc6 Qxe2 35.Qxe2 Nf4+ 36.Bxf4 Rxe2
37.b4 Rxf2+ 38.Kh3 g5 39.Bxc7 Rc8 40.Bd6+ Kg7 41.b5 h5 42.g4 f5 43.gxf5 Kf6
44.Rd1 Be5 45.Bxe5+ Kxe5 46.Re1+ Kf4 47.Re4+ Kxf5 48.Rd4 Ke5 49.Rd5+ Kf4
50.Rd4+ Ke5 51.Rd5+ Kf4 52.Rd4+ Ke3 53.Re4+ Kd3 54.Re5 g4+ 55.Kg3 Ra2 56.Rd5+ Kc3
57.Bd7 Rd8 58.b6 Rb2 59.Rc5+ Kd4 60.Rb5 Rxb5 61.Bxb5 Kc5 62.b7 Kb6 63.Ba6 Kxa6
64.Kh4 Kxb7 65.Kxh5 Ra8 66.Kxg4 Rxa4+ 67.Kf3 Ra5 68.Ke3 Ra6 69.Kd3 Rb6 70.Kd4 Ka6
71.Kc5 Ka5 72.Kc4 Rb4+ 73.Kd5 Kb5 74.Kd6 Rc4 75.Ke5 Rc5+  0-1

[Event "chess.com SpeedChess 2023"]
[Site "chess.com INT"]
[Date "2023.09.04"]
[Round "1.24"]
[White "Yu Yangyi"]
[Black "Nakamura,Hi"]
[Result "0-1"]
[WhiteElo "2720"]
[BlackElo "2780"]

1.e4 a5 2.d4 c6 3.c4 d5 4.exd5 cxd5 5.Nc3 Nf6 6.Bg5 e6 7.cxd5 exd5 8.Bb5+ Nc6
9.Nf3 Be7 10.Ne5 Bd7 11.O-O O-O 12.Re1 Re8 13.h3 Rc8 14.a4 h6 15.Bh4 Be6
16.Rc1 Qb6 17.Nf3 Red8 18.Qd2 Nb4 19.Qf4 Nh5 20.Qe5 Bxh4 21.Nxh4 Nf6 22.Nf3 Ne4
23.Red1 Nxc3 24.bxc3 Na2 25.Rc2 Nxc3 26.Rdc1 Nxb5 27.Rxc8 Bxc8 28.axb5 Be6
29.Rc5 a4 30.Qe3 Ra8 31.Qa3 Qd8 32.Ne5 b6 33.Rc6 Qf8 34.Qa1 a3 35.Rxb6 Qb4
36.Nd3 Qa5 37.Rb7 a2 38.Nc5 Qb4 39.Kh2 Qb1 40.Qc3 a1=Q 41.Qe3 Qg1+  0-1